书目信息 |
| 题名: |
钢结构自学辅导
|
|
| 作者: | 钟善桐 主编 | |
| 分册: | ||
| 出版信息: | 武汉 武汉大学出版社 2000.12 |
|
| 页数: | 93页 | |
| 开本: | 26cm | |
| 丛书名: | ||
| 单 册: | ||
| 中图分类: | TU391-44 | |
| 科图分类: | ||
| 主题词: | 金属结构 | |
| 电子资源: | ||
| ISBN: | 7-307-03077-2 | |
| 000 | 00597nam0 2200205 45 | |
| 001 | 0237177122 | |
| 005 | 2002041010193712 | |
| 010 | @a7-307-03077-2@dRMB 10.00 | |
| 100 | @a20020410d2000 km y0chiy0120 ea | |
| 101 | 0 | @achi |
| 102 | @aCN@b420000 | |
| 200 | 1 | @a钢结构自学辅导@AGang Jie Gou Zi Xue Fu Dao@f钟善桐主编@FZhong Shan Tong Zhu Bian |
| 210 | @a武汉@c武汉大学出版社@d2000.12 | |
| 215 | @a93页@d26cm | |
| 300 | @a全国高等教育自学考试 | |
| 606 | 0 | @a金属结构 |
| 690 | @aTU391-44@v3 | |
| 701 | 0 | @a钟善桐@AZhong Shan Tong@4主编 |
| 801 | 0 | @aCN@bPFT@c20020410 |
| 905 | @a10447@dTU391-44@eZ732 | |
| 钢结构自学辅导/钟善桐主编.-武汉:武汉大学出版社,2000.12 |
| 93页;26cm |
| 全国高等教育自学考试 |
| ISBN 7-307-03077-2:RMB 10.00 |
| ● |
| 相关链接 |
|
|
|
正题名:钢结构自学辅导
索取号:TU391-44/Z732
 
预约/预借
| 序号 | 登录号 | 条形码 | 馆藏地/架位号 | 状态 | 备注 |
| 1 | 358684 | 203586841 | 建筑库101/101建筑库 90排2列4层/ [索取号:TU391-44/Z732] | 在馆 | |
| 2 | 358685 | 203586850 | 建筑库101/101建筑库 90排2列4层/ [索取号:TU391-44/Z732] | 在馆 | |
| 3 | 358686 | 203586869 | 建筑库101/101建筑库 90排2列4层/ [索取号:TU391-44/Z732] | 在馆 | |
| 4 | 358687 | 203586878 | 建筑库101/101建筑库 90排2列4层/ [索取号:TU391-44/Z732] | 在馆 | |
| 5 | 358688 | 203586887 | 建筑库101/ [索取号:TU391-44/Z732] | 在馆 |